Регионална библиотека "Любен Каравелов" - Русе

Слушане на музика в училищата (Запис номер 115909)

MARC детайли
000 -Лидер
Контролно поле с фиксирана дължина nam a22 a 4500
003 - Код на организацията, давaща контролен номер
Контролно поле BLK
005 - Дата и час на последна редакция
Контролно поле 20220726103402.0
008 - Елементи от данни с фиксирана дължина
fixed length control field 180409b bul|||||r ||||||| ||bul||
010 ## - Наследен системен номер
LC control number KNG00121428000
040 ## - Източник на каталожния запис
Идентификатор на билиотеката - собственик на записа BLK
041 ## - Код за език
Код за езика на текст/звукозапис или на отделно заглавие Български
Код за езика КДБФ Български
080 ## - УДК
Текстов определител УДК Методика по музика. Музика - учебни предмети
УДК код - определител по УДК 373.3.016:78
УДК - код + определител 373.3.016:78
100 1# - Редна дума - Автор
Автор Кръстева, Светла Стефанова
Авторска отговорност първи автор
R(LIN) 368026
139 ## - Редно поле
Редна дума Кръстева, Светла Стефанова
Авторски знак Кръ - К 92
245 10 - Сведения за заглавието
Заглавие Слушане на музика в училищата
Редно поле (дума) Светла Стефанова Кръстева.
257 ## - Страна на издаване
Страна на създаване/издаване България
260 ## - Област на издателските данни
Място на издаване, разпространение и проч. София
Име на издателя, разпространителя и проч. Нар. просв.
Година на издаване 1972
Печатница В. Търново : Д. Найденов
300 ## - Физическа характеристика
Страници 179 с.
Илюстрации и др. с ноти
Размери/Мащаб 24 см
380 ## - Жанр
Жанр Изкуство
650 #4 - Допълнително описание по предмет – тема
Основно описание – тема или топоним Музикално възпитание
9 (RLIN) 272575
650 #4 - Допълнително описание по предмет – тема
Основно описание – тема или топоним Музика - възприемане
9 (RLIN) 306066
650 #4 - Допълнително описание по предмет – тема
Основно описание – тема или топоним Музика - методика на преподаването
9 (RLIN) 288234
653 ## - Ключова дума – ненормативна
Ключова дума музика
653 ## - Ключова дума – ненормативна
Ключова дума музикален слух
653 ## - Ключова дума – ненормативна
Ключова дума методика на преподаването
852 ## - Местоположение
Форматна сигнатура Цб 62773
Фондова буква Хранилище
999 ## - СИСТЕМНИ КОНТРОЛНИ НОМЕРА
Koha biblionumber 115909
Koha biblioitemnumber 115909
942 ## - АРТИКУЛИ
Вид на библиотечния материал Книги
Скрит в OPAC Не
Периодичен библиозапис Да
944 ## - СЪЗДАВАНЕ И РЕДАКЦИЯ на ЗАПИСА
Създаване/Редакция Създаване
Дата на регистрацията/редакция 15.02.2011
Статус, дата на статуса добави в АБ / 14.02.2011
Служител, извършил регистрацията/редакцията Наталия_Любомирова
944 ## - СЪЗДАВАНЕ И РЕДАКЦИЯ на ЗАПИСА
Създаване/Редакция Редакция
Дата на регистрацията/редакция 2022-07-26
Служител, извършил регистрацията/редакцията ГГГ
Наличности
Код за отписване Код за изгубен артикул Източник на класификационната схема Код за повреда Коз за рестрикции Код за отдаване Артикулен № Име на библиотеката - собственик Име на библиотеката, в която се намира в момента Статус (Текущо местоположение) Дата на вписване в системата Местоположение - отдел Цена в лева Инвентарен номер Систематично азбучна сигнатура Баркод Номер на екземпляра Цена в евро Служебна бележка Служебен тип на артикула
Изтеглен Не е изгубен Universal Decimal Classification Не е повреден без рестрикции ползва се в читалня 186470 Регионална библиотека "Любен Каравелов" Русе Регионална библиотека "Любен Каравелов" Русе Отдел Изкуство - читалня 1972-01-01 Отдел Изкуство - читалня 0.95 112252 И 37/К 92 112252 1 0.49 N: стар фонд Дата: 01.01.1972 Дата инв: 18.06.2012 Бележки инв: * Книги
  Не е изгубен Universal Decimal Classification Не е повреден само за читалня ползва се в читалня 186471 Регионална библиотека "Любен Каравелов" Русе Регионална библиотека "Любен Каравелов" Русе Хранилище 1972-01-01 Хранилище 0.95 112759 Цб 62773 120000112759 2 0.49 Дост: Dp Вид: Д N: Сф Дата: 01.01.1972 Книги
Изтеглен Не е изгубен Universal Decimal Classification Не е повреден без рестрикции заемане за дома 186472 Регионална библиотека "Любен Каравелов" Русе Регионална библиотека "Любен Каравелов" Русе Отдел Изкуство - подръчен фонд 1972-01-01 Отдел Изкуство - подръчен фонд 0.00 112251 ИП 37/К 92 112251 3 0.00 N: Сф Дата: 01.01.1972 Книги
Vip Innovations Ltd, Rousse, Bulgaria 2025